000 00289 a2200121 4500
999 _c321817
_d321817
001 86744
003 NUST
005 20180123112650.0
008 180123b xxu||||| |||| 00| 0 eng d
082 _a891.4393 TAY
100 _aTayeba Begum Balgrami
_99603
245 _aAnwari Begum
_hUrdu
260 _aKarachi
_bSama Publishers
_c2010
300 _a218p.
942 _aCAE NUST
_cBK
_k891.4393 TAY
_2ddc